| 000 | 00397nam a2200157Ia 4500 | ||
|---|---|---|---|
| 008 | 230711s9999||||xx |||||||||||||| ||und|| | ||
| 041 | _aENG | ||
| 082 |
_a621.317 _bKU-A |
||
| 100 | _aKuo,Benjamin C | ||
| 245 | 0 | _aAutomatic control systems | |
| 250 | _a7th | ||
| 260 |
_c2003 _aNew Delhi _bPrentice-Hall of India Private Limited |
||
| 300 | _a897 | ||
| 650 | _aElectrical Engineering | ||
| 942 | _cBK | ||
| 999 |
_c493 _d493 |
||